[Event "TUR Cup"]
[Site "Denizli"]
[Date "2023.07.21"]
[Round "8"]
[White "Asikoglu, Engin Can"]
[Black "Uylukcu, Berkay Bahadir"]
[Result "1-0"]
[WhiteElo "1522"]
[BlackElo "1411"]
[PlyCount "37"]
[EventDate "2023.07.16"]
[EventType "team-tourn"]
[EventRounds "9"]
[EventCountry "TUR"]
[SourceTitle "CBM 215 Extra"]
[Source "ChessBase"]
[SourceDate "2023.09.30"]
[SourceVersion "1"]
[SourceVersionDate "2023.09.30"]
[SourceQuality "1"]

1. d4 d5 2. Bf4 Nf6 3. Nf3 Bf5 4. e3 e6 5. c4 Nbd7 6. Qb3 b6 7. Nc3 c6 8. cxd5 Nxd5 9. Nxd5 cxd5 10. Ba6 Be7 11. Bb7 0-0 12. Bxa8 Qxa8 13. 0-0 Nf6 14. h3 Ne4 15. Rfc1 g5 16. Bh2 h5 17. Ne5 Bd6 18. f3 Nf6 19. Qc3 1-0

[Event "TUR Cup"]
[Site "Denizli"]
[Date "2023.07.19"]
[Round "5"]
[White "Izi, Ekrem"]
[Black "Asikoglu, Engin Can"]
[Result "1/2-1/2"]
[WhiteElo "1531"]
[BlackElo "1522"]
[PlyCount "65"]
[EventDate "2023.07.16"]
[EventType "team-tourn"]
[EventRounds "9"]
[EventCountry "TUR"]
[SourceTitle "CBM 215 Extra"]
[Source "ChessBase"]
[SourceDate "2023.09.30"]
[SourceVersion "1"]
[SourceVersionDate "2023.09.30"]
[SourceQuality "1"]

1. e4 c5 2. Nf3 Nc6 3. d4 cxd4 4. Nxd4 g6 5. Bc4 Bg7 6. c3 Qb6 7. Nxc6 bxc6 8. Qb3 e6 9. Qxb6 axb6 10. 0-0 Nf6 11. f3 d5 12. exd5 Nxd5 13. Bxd5 exd5 14. Be3 c5 15. a3 0-0 16. Nd2 Re8 17. Rfe1 Bf5 18. Bf2 Rec8 19. f4 b5 20. Nf3 b4 21. axb4 Rxa1 22. Rxa1 cxb4 23. cxb4 Bxb2 24. Rd1 Rb8 25. Bc5 Bc3 26. Nd4 Be4 27. Nc6 Rb7 28. Ne7+ Kg7 29. Nxd5 Bxd5 30. Rxd5 Bxb4 31. Bd4+ f6 32. h3 Kf7 33. f5 1/2-1/2

[Event "TUR-chT Clubs"]
[Site "Konya"]
[Date "2019.07.21"]
[Round "9.16"]
[White "Asikoglu, Engin Can"]
[Black "Gulbas, Isa"]
[Result "1-0"]
[WhiteElo "1701"]
[BlackElo "1486"]
[PlyCount "29"]
[EventDate "2019.07.16"]
[EventType "team-swiss"]
[EventRounds "9"]
[EventCountry "TUR"]
[SourceTitle "CBM 191 Extra"]
[Source "ChessBase"]
[SourceDate "2019.09.30"]
[SourceVersion "1"]
[SourceVersionDate "2019.09.30"]
[SourceQuality "1"]
[WhiteTeam "Koy Hizmetleri Kastamonu"]
[BlackTeam "Edeler Gorme Engelliler"]
[WhiteTeamCountry "TUR"]
[BlackTeamCountry "TUR"]

1. d4 Nf6 2. Bf4 e6 3. e3 b6 4. Nf3 Bb7 5. Nbd2 Be7 6. h3 0-0 7. Bd3 d5 8. Qe2 Ne4 9. 0-0 Nd7 10. Ne5 f5 11. c3 Nxe5 12. Bxe5 Bd6 13. Bxd6 Qxd6 14. Bxe4 fxe4 15. f3 1-0

[Event "TUR-chT Clubs"]
[Site "Konya"]
[Date "2019.07.16"]
[Round "1.1"]
[White "Asikoglu, Engin Can"]
[Black "Polat, Ahmet Eren"]
[Result "1-0"]
[WhiteElo "1701"]
[BlackElo "1651"]
[PlyCount "103"]
[EventDate "2019.07.16"]
[EventType "team-swiss"]
[EventRounds "9"]
[EventCountry "TUR"]
[SourceTitle "CBM 191 Extra"]
[Source "ChessBase"]
[SourceDate "2019.09.30"]
[SourceVersion "1"]
[SourceVersionDate "2019.09.30"]
[SourceQuality "1"]
[WhiteTeam "Koy Hizmetleri Kastamonu"]
[BlackTeam "Krater Genclik"]
[WhiteTeamCountry "TUR"]
[BlackTeamCountry "TUR"]

1. d4 d6 2. Bf4 Nf6 3. Nf3 g6 4. e3 Bg7 5. Be2 b6 6. h3 Bb7 7. c4 Nbd7 8. Nc3 e6 9. 0-0 0-0 10. Rc1 Qe7 11. b4 e5 12. Bh2 Ne4 13. Nd5 Qd8 14. Qc2 f5 15. dxe5 dxe5 16. Rfd1 c6 17. Nc3 Nxc3 18. Qxc3 e4 19. Ne5 Bxe5 20. Bxe5 Re8 21. Bf4 Qe7 22. Bg5 Qf7 23. c5 b5 24. Rd6 Nf8 25. Rcd1 Rac8 26. R1d2 Rc7 27. Bd1 Bc8 28. Bd8 Rd7 29. Bb3 Ne6 30. Qe5 Rxd6 31. Qxd6 Qb7 32. Bc7 Kg7 33. Bxe6 Bxe6 34. Qe5+ Kf7 35. Bd8 Bd5 36. Qf6+ Kg8 37. Rxd5 cxd5 38. c6 Qc8 39. c7 Re6 40. Qd4 Qd7 41. Qxa7 Rc6 42. Qb8 Kg7 43. Kh2 Rc2 44. Qb6 Qc6 45. Qxc6 Rxc6 46. a4 bxa4 47. b5 Rc1 48. b6 a3 49. b7 a2 50. c8Q a1Q 51. Qxc1 Qxc1 52. b8Q 1-0

[Event "TUR Cup"]
[Site "Antalya"]
[Date "2019.02.02"]
[Round "10"]
[White "Demir, Hilmi Mustafa"]
[Black "Asikoglu, Engin Can"]
[Result "1-0"]
[WhiteElo "1809"]
[BlackElo "1502"]
[PlyCount "75"]
[EventDate "2019.01.27"]
[EventType "swiss"]
[EventRounds "11"]
[EventCountry "TUR"]
[SourceTitle "CBM 188 Extra"]
[Source "ChessBase"]
[SourceDate "2019.02.26"]
[SourceVersion "1"]
[SourceVersionDate "2019.02.26"]
[SourceQuality "1"]

1. e4 c5 2. b4 cxb4 3. a3 bxa3 4. Nxa3 Nc6 5. d4 d5 6. e5 e6 7. Nf3 Bd7 8. c3 Rc8 9. Bd3 a6 10. 0-0 Nge7 11. c4 Nb4 12. Be2 dxc4 13. Nxc4 Ned5 14. Bg5 Nc3 15. Qd2 Ne4 16. Qf4 Nxg5 17. Nxg5 f5 18. exf6 Qc7 19. fxg7 Qxf4 20. gxh8Q Rxc4 21. Bxc4 Qxg5 22. Qe5 Qxe5 23. dxe5 Bc5 24. Rfc1 Bd4 25. Rab1 a5 26. g3 b5 27. Rd1 Bxe5 28. Rxd7 bxc4 29. Ra7 Nc6 30. Ra6 Kd7 31. Rb7+ Bc7 32. Kf1 c3 33. Ke1 e5 34. Rb3 Nb4 35. Ra7 Nd3+ 36. Kf1 Nb4 37. Rxc3 Nd5 38. Rd3 1-0

[Event "TUR Cup"]
[Site "Antalya"]
[Date "2019.01.31"]
[Round "7"]
[White "Asikoglu, Engin Can"]
[Black "Atay, Sergen"]
[Result "1-0"]
[WhiteElo "1502"]
[BlackElo "1769"]
[PlyCount "75"]
[EventDate "2019.01.27"]
[EventType "swiss"]
[EventRounds "11"]
[EventCountry "TUR"]
[SourceTitle "CBM 188 Extra"]
[Source "ChessBase"]
[SourceDate "2019.02.26"]
[SourceVersion "1"]
[SourceVersionDate "2019.02.26"]
[SourceQuality "1"]

1. d4 d5 2. Bf4 Nf6 3. e3 c5 4. c3 Nc6 5. Nd2 Qb6 6. Qb3 c4 7. Qc2 g6 8. e4 Nxe4 9. Nxe4 dxe4 10. Bxc4 Bf5 11. d5 Na5 12. Be3 Nxc4 13. Bxb6 Nxb6 14. Qb3 Bh6 15. Ne2 0-0 16. Ng3 Bd7 17. 0-0 e3 18. fxe3 Bxe3+ 19. Kh1 Rac8 20. Rae1 Bc5 21. c4 f5 22. Qc3 a5 23. b3 Bb4 24. Qd4 Bc5 25. Qf4 Bd6 26. Qg5 Rf7 27. Nh5 Rcf8 28. Nf4 Na8 29. Nd3 Rf6 30. c5 Bb8 31. Rxe7 Bb5 32. Rd1 f4 33. Qh6 R6f7 34. Rxf7 Rxf7 35. d6 f3 36. Ne5 Rg7 37. gxf3 b6 38. d7 1-0

[Event "Ankara Baskent Univ op-B 3rd"]
[Site "Ankara"]
[Date "2018.08.30"]
[Round "6"]
[White "Aydin, Aytac"]
[Black "Asikoglu, Engin Can"]
[Result "0-1"]
[WhiteElo "1368"]
[BlackElo "1396"]
[PlyCount "81"]
[EventDate "2018.08.27"]
[EventType "swiss"]
[EventRounds "9"]
[EventCountry "TUR"]
[SourceTitle "EXT 2021"]
[Source "ChessBase"]
[SourceDate "2020.10.23"]
[SourceVersion "1"]
[SourceVersionDate "2020.10.23"]
[SourceQuality "1"]

1. d4 Nf6 2. Nf3 g6 3. c4 Bg7 4. Nc3 0-0 5. e4 d6 6. Be2 e5 7. d5 a5 8. 0-0 Na6 9. Ne1 Nc5 10. f3 Ne8 11. Nd3 Nxd3 12. Bxd3 f5 13. Bd2 f4 14. Qe1 g5 15. Be2 h5 16. h3 Rf6 17. Nd1 Rg6 18. Nf2 c6 19. Rb1 Nf6 20. Qd1 cxd5 21. cxd5 g4 22. fxg4 hxg4 23. hxg4 Qb6 24. Bf3 Nxg4 25. Qb3 Qa7 26. Qb5 Nf6 27. b4 Bd7 28. Qd3 a4 29. b5 Qb6 30. a3 Rg3 31. Qe2 Kf7 32. Rfc1 Ng4 33. Rc7 Qxc7 34. Nxg4 Bxg4 35. Bxg4 Qb6+ 36. Kf1 Rh8 37. Bh5+ Ke7 38. Be1 f3 39. Qf2 fxg2+ 40. Kg1 Rxh5 41. Qxb6 0-1

[Event "TUR-chT2"]
[Site "Konya"]
[Date "2018.07.12"]
[Round "5.25"]
[White "Erdem, Eren"]
[Black "Asikoglu, Engin Can"]
[Result "0-1"]
[WhiteElo "1281"]
[BlackElo "1376"]
[PlyCount "76"]
[EventDate "2018.07.10"]
[EventType "team-swiss"]
[EventRounds "9"]
[EventCountry "TUR"]
[SourceTitle "EXT 2019"]
[Source "ChessBase"]
[SourceDate "2018.10.10"]
[SourceVersion "1"]
[SourceVersionDate "2018.10.10"]
[SourceQuality "1"]
[WhiteTeam "Bolu Dernegi"]
[BlackTeam "Kastam Koy Hizmetleri"]
[WhiteTeamCountry "TUR"]
[BlackTeamCountry "TUR"]

1. d4 d5 2. c4 e6 3. Nc3 Nf6 4. Bg5 Be7 5. e3 0-0 6. Nf3 b6 7. cxd5 exd5 8. Bd3 h6 9. Bh4 Bb7 10. 0-0 Nbd7 11. Rc1 Rc8 12. b3 a5 13. Bf5 g6 14. Bd3 Ne4 15. Bxe7 Qxe7 16. Bxe4 dxe4 17. Nd2 g5 18. Qe2 Nf6 19. Rfd1 Rfd8 20. h3 h5 21. Qc4 Kg7 22. Qe2 c5 23. dxc5 Rxc5 24. Nc4 Rxd1+ 25. Qxd1 Qc7 26. a4 Ba6 27. Nb5 Bxb5 28. axb5 a4 29. bxa4 Rxc4 30. Rxc4 Qxc4 31. Qd8 Qc5 32. a5 Qxb5 33. axb6 Nd5 34. h4 Qc6 35. g3 Nxb6 36. Qe7 Kg8 37. Qd8+ Kg7 38. Qb8 Nd5 0-1

[Event "TUR-chT2"]
[Site "Konya"]
[Date "2017.07.09"]
[Round "1"]
[White "Salman, Ilhan Serhat"]
[Black "Asikoglu, Engin Can"]
[Result "1-0"]
[WhiteElo "1749"]
[BlackElo "1346"]
[PlyCount "119"]
[EventDate "2017.07.09"]
[EventType "team-swiss"]
[EventRounds "9"]
[EventCountry "TUR"]
[SourceTitle "CBM 179 Extra"]
[Source "ChessBase"]
[SourceDate "2017.08.23"]
[SourceVersion "1"]
[SourceVersionDate "2017.08.23"]
[SourceQuality "1"]
[WhiteTeam "Marmara Universitesi"]
[BlackTeam "Koy Hizmetleri Kastamonu"]
[WhiteTeamCountry "TUR"]
[BlackTeamCountry "TUR"]

1. b3 e5 2. Bb2 Nc6 3. e3 Nf6 4. Bb5 d6 5. Ne2 a6 6. Bxc6+ bxc6 7. d4 exd4 8. Nxd4 Bd7 9. 0-0 g6 10. Qf3 Bg4 11. Nxc6 Qd7 12. Qxf6 Rg8 13. Qf4 f5 14. Nb4 Be2 15. Re1 g5 16. Qd4 c6 17. Qb6 Bh5 18. Qxc6 Qxc6 19. Nxc6 Rc8 20. Nd4 Bg7 21. Na3 Bg6 22. Nc4 Rd8 23. Ne6 Bxb2 24. Nxb2 Rc8 25. Nd4 Ke7 26. Rad1 Rc7 27. Rd2 Rgc8 28. Nc4 d5 29. Nb6 Rd8 30. Red1 Kf7 31. c4 dxc4 32. Nxc4 Kf6 33. f3 Bf7 34. Nb2 Rc3 35. Kf2 f4 36. exf4 gxf4 37. Ne2 Rxd2 38. Rxd2 Rc5 39. Nxf4 Kf5 40. Ne2 Ra5 41. Nd4+ Kf6 42. Nc4 Bxc4 43. bxc4 Ra4 44. Rc2 Ke5 45. Nb3 Kd6 46. c5+ Kc6 47. g4 h6 48. Kg3 Rb4 49. h4 Rb8 50. f4 Re8 51. Kf3 h5 52. gxh5 Rh8 53. Nd4+ Kd5 54. c6 Rc8 55. c7 Kxd4 56. h6 Kd5 57. h7 Kd6 58. h8Q Rxh8 59. c8Q Rxc8 60. Rxc8 1-0

[Event "TUR Cup"]
[Site "Antalya"]
[Date "2017.01.31"]
[Round "5"]
[White "Asikoglu, Engin Can"]
[Black "Bayindir, Abdulsamet"]
[Result "1-0"]
[WhiteElo "1264"]
[BlackElo "1227"]
[PlyCount "67"]
[EventDate "2017.01.28"]
[EventType "swiss"]
[EventRounds "11"]
[EventCountry "TUR"]
[SourceTitle "CBM 176 Extra"]
[Source "ChessBase"]
[SourceDate "2017.03.02"]
[SourceVersion "1"]
[SourceVersionDate "2017.03.02"]
[SourceQuality "1"]

1. e4 e5 2. Nf3 Nc6 3. Bc4 Be7 4. 0-0 Nf6 5. Re1 0-0 6. d3 d6 7. h3 h6 8. c3 Nh7 9. d4 exd4 10. cxd4 Ng5 11. Bxg5 Bxg5 12. Nc3 Kh8 13. e5 dxe5 14. Nxe5 Nxe5 15. dxe5 Qxd1 16. Raxd1 c6 17. Ne4 Be7 18. f4 Bb4 19. Rf1 Be6 20. Bxe6 fxe6 21. g4 Kg8 22. f5 exf5 23. gxf5 Rad8 24. a3 Be7 25. Nc3 Rxd1 26. Nxd1 Bc5+ 27. Kg2 Bd4 28. e6 Bf6 29. Rf2 Rd8 30. Ne3 Kf8 31. Ng4 Bh4 32. Re2 Ke7 33. Ne5 Rd5 34. Ng6+ 1-0